000 00308nam a22001217a 4500
020 _a0-13-538471-0
082 _a512.5 BAK'L
100 _aPORTEOUS, H.L, BAKER, A.C
_967416
245 _aLINEAR ALGEBRA AND DIFFERENTIAL EQUATIONS
260 _aNEW YORK
_bELLIS HORWOOD
_c1990
300 _a424P
942 _cBK
999 _c575204
_d575204